| 000 | 00822nam a22002057a 4500 | ||
|---|---|---|---|
| 005 | 20240321115617.0 | ||
| 010 | _aB-755977-986 ENG-139872 | ||
| 020 |
_a9789390157198 _c995.00 |
||
| 035 | _aB-755977-986 | ||
| 035 | _aEN-123404 | ||
| 037 | _aD.P.S. Publishing House | ||
| 082 | _a510 | ||
| 100 |
_aGarg,Vijay _963756 |
||
| 245 |
_aNDA/NA Mathematics; _bTopic-wise Solved Papers / _cVijay Garg |
||
| 260 |
_aNew Delhi _bD.P.S. Publishing House _c2023 |
||
| 270 |
_a4598/12B, Gola Cottage, Ansari Road, Darya Ganj _bNew Delhi _e110002 |
||
| 300 |
_a586p. _c24cm(Pbk) |
||
| 942 |
_2ddc _cEN _mGAR _h510 |
||
| 999 |
_c199360 _d199360 |
||